000 00299nam a2200133Ia 4500
005 20250423094800.0
008 250422s9999 xx 000 0 und d
020 _a1- 4196- 7965- 1
100 _aKeith R. Wander
245 0 _aCodename honey pot
260 _c2007
300 _a240 p
942 _cBK
999 _c28279
_d28279